Normal view
MARC view
Entry Personal Name
001 - CONTROL NUMBER
- control field: 192595
003 - CONTROL NUMBER IDENTIFIER
- control field:
005 - DATE AND TIME OF LATEST TRANSACTION
- control field: 20210601194951.0
008 - FIXED-LENGTH DATA ELEMENTS
- fixed length control field: 210601|| aca||aabn | a|a d
040 ## - CATALOGING SOURCE
- Original cataloging agency:
- Transcribing agency:
100 ## - HEADING--PERSONAL NAME
- Personal name: Lodge, Oliver J. ,
- Titles and other words associated with a name: Sir,
- Dates associated with a name: 1851-
670 ## - SOURCE DATA FOUND
- Source citation: Work cat.: (): Lodge, Oliver J. , Sir, 1851-, Raymond :, 1916
